[Event "Bayern-chTT (RL Sued-West)"]
[Site "Bayern 2008/09"]
[Date "2008.10.26"]
[Round "2.4"]
[White "Link, Ulrich Dr"]
[Black "Haritonov, Alexander"]
[Result "0-1"]
[WhiteElo "2112"]
[BlackElo "2187"]
[PlyCount "80"]
[EventDate "2009.03.??"]
[EventType "team-tourn"]
[EventRounds "9"]
[WhiteTeam "Krumbach 2"]
[BlackTeam "München-Tarrasch 2"]

1. d4 Nf6 2. Nf3 c5 3. d5 e6 4. Nc3 Qa5 5. Bd2 Qb6 6. e4 d6 7. Bb5+ Nbd7 8.
dxe6 fxe6 9. Qe2 Be7 10. Na4 Qd8 11. Ng5 a6 12. Nxe6 axb5 13. Nxd8 Rxa4 14. f3
Bxd8 15. Qxb5 Ra6 16. Qb3 Ne5 17. Bc3 Rb6 18. Qa3 Be7 19. b3 O-O 20. Qb2 Nfd7
21. O-O Bg5 22. Rae1 Rf7 23. b4 Bf6 24. b5 Nf8 25. a4 Be6 26. Qa1 Bc4 27. Rf2
Ne6 28. Ba5 Nd7 29. c3 Nf4 30. Bxb6 Nxb6 31. Rd2 d5 32. e5 Bg5 33. e6 Re7 34.
a5 Nc8 35. a6 bxa6 36. bxa6 Nh3+ 37. gxh3 Bxd2 38. Rb1 Be3+ 39. Kh1 Be2 40. h4
Bxf3# 0-1

[Event "Bayern-chTT (RL Sued-West)"]
[Site "Bayern 2008/09"]
[Date "2008.10.26"]
[Round "2.5"]
[White "Schwarzberg, Ilja"]
[Black "Riedel, Lutz"]
[Result "1/2-1/2"]
[WhiteElo "2085"]
[BlackElo "1981"]
[PlyCount "29"]
[EventDate "2009.03.??"]
[EventType "team-tourn"]
[EventRounds "9"]
[WhiteTeam "München-Tarrasch 2"]
[BlackTeam "Krumbach 2"]

1. e4 c5 2. d4 cxd4 3. c3 d5 4. exd5 Qxd5 5. cxd4 Nc6 6. Nf3 e5 7. Nc3 Bb4 8.
Bd2 Bxc3 9. Bxc3 e4 10. Ne5 Nxe5 11. dxe5 Ne7 12. Qxd5 Nxd5 13. Bd4 O-O 14. Bc4
Be6 15. Bxd5 1/2-1/2

[Event "Bayern-chTT (RL Sued-West)"]
[Site "Bayern 2008/09"]
[Date "2008.10.26"]
[Round "2.6"]
[White "Maurer, Rainer(63)"]
[Black "Rasch, Gerhard"]
[Result "0-1"]
[WhiteElo "1933"]
[BlackElo "2078"]
[PlyCount "147"]
[EventDate "2009.03.??"]
[EventType "team-tourn"]
[EventRounds "9"]
[WhiteTeam "Krumbach 2"]
[BlackTeam "München-Tarrasch 2"]

1. d4 d5 2. Nf3 Nf6 3. Bf4 e6 4. e3 Bd6 5. Bg3 O-O 6. Bd3 b6 7. Nbd2 Bb7 8. Ne5
Nbd7 9. Qf3 c5 10. c3 Qc7 11. Ng4 Nxg4 12. Qxg4 e5 13. O-O e4 14. Bc2 f5 15.
Bxd6 Qxd6 16. Qf4 Qxf4 17. exf4 cxd4 18. cxd4 Rac8 19. Rfc1 Rfd8 20. Bb3 Nf8
21. Nf1 Ne6 22. Ne3 Nxf4 23. Rxc8 Rxc8 24. Nxf5 Rd8 25. Re1 Kf8 26. Ne3 Ke7 27.
g3 Ne6 28. Rd1 Ng5 29. Kg2 Nf3 30. Nf5+ Kf6 31. Ne3 Ke6 32. h4 h5 33. Nf1 Rf8
34. Ne3 Rf6 35. Nf1 Rg6 36. Kh1 Rf6 37. Kg2 Kd6 38. Ne3 g6 39. Nf1 Bc8 40. Ne3
Be6 41. Nc2 g5 42. hxg5 Nxg5 43. Ne3 Bh3+ 44. Kg1 Nf3+ 45. Kh1 Be6 46. Ng2 Rh6
47. Nf4 h4 48. Nxe6 Kxe6 49. gxh4 Rxh4+ 50. Kg2 Rg4+ 51. Kh1 Rg5 52. Ba4 Kf5
53. Bb5 Kf4 54. Be2 Rh5+ 55. Kg2 Rh2+ 56. Kf1 Rh1+ 57. Kg2 Rxd1 58. Bxd1 Nxd4
59. Kf1 Nf3 60. Ke2 d4 61. Bc2 Ne5 62. Bb3 b5 63. a4 b4 64. Bd5 d3+ 65. Ke1 Kf3
66. Bb3 a5 67. Bd1+ Kf4 68. Bb3 Nf3+ 69. Kd1 Nd4 70. Bc4 Kf3 71. Ke1 Nf5 72.
Be6 Nh4 73. Bd5 Ng2+ 74. Kd2 0-1

[Event "Bayern-chTT (RL Sued-West)"]
[Site "Bayern 2008/09"]
[Date "2008.10.26"]
[Round "2.7"]
[White "Koch, Enrico"]
[Black "Gulde, Josef(49)"]
[Result "1/2-1/2"]
[WhiteElo "2011"]
[BlackElo "1862"]
[PlyCount "58"]
[EventDate "2009.03.??"]
[EventType "team-tourn"]
[EventRounds "9"]
[WhiteTeam "München-Tarrasch 2"]
[BlackTeam "Krumbach 2"]

1. Nf3 d5 2. g3 c6 3. Bg2 Nf6 4. c4 Bf5 5. cxd5 cxd5 6. Qb3 Nc6 7. Qxb7 Rc8 8.
Nc3 e5 9. O-O e4 10. Ne1 d4 11. Na4 Qa5 12. Qb3 Bd6 13. Qd1 O-O 14. b3 d3 15.
Bb2 Be5 16. e3 Bxb2 17. Nxb2 Ne5 18. f3 exf3 19. Nxf3 Rc2 20. Nxe5 Qxe5 21. Nc4
Qe6 22. Na3 Rc5 23. Rf4 Rfc8 24. Rc4 Ne4 25. Rxc5 Rxc5 26. Nc4 g6 27. Qb1 Nxd2
28. Qe1 Nxc4 29. bxc4 Rxc4 1/2-1/2

[Event "Bayern-chTT (RL Sued-West)"]
[Site "Bayern 2008/09"]
[Date "2008.10.26"]
[Round "2.8"]
[White "Fischer, Johann(50)"]
[Black "Uhlmann, Helge"]
[Result "0-1"]
[WhiteElo "1689"]
[BlackElo "2089"]
[PlyCount "104"]
[EventDate "2009.03.??"]
[EventType "team-tourn"]
[EventRounds "9"]
[WhiteTeam "Krumbach 2"]
[BlackTeam "München-Tarrasch 2"]

1. e4 c5 2. Bc4 e6 3. Nc3 a6 4. a3 Nc6 5. Nge2 Nf6 6. d3 Be7 7. O-O O-O 8. f4
d5 9. Bb3 b5 10. e5 Nd7 11. Ng3 Nd4 12. Ba2 f6 13. exf6 Nxf6 14. Nce2 Bd7 15.
c3 Nxe2+ 16. Qxe2 Bd6 17. Bd2 g6 18. Rae1 h5 19. h3 Kg7 20. Bb1 Ng8 21. Rf3 Qc7
22. Qe3 Rf6 23. Ne2 Raf8 24. Ref1 Bc8 25. g3 Ne7 26. d4 c4 27. Kg2 a5 28. Bc2
Ng8 29. R1f2 Nh6 30. Ng1 Ng4 31. hxg4 hxg4 32. Qe2 gxf3+ 33. Nxf3 Bd7 34. Qe3
b4 35. axb4 axb4 36. cxb4 Ra8 37. Qe1 Ra2 38. Bc3 Qa7 39. Qh1 Rf8 40. Ng5 Rh8
41. Qe1 Ra1 42. Qe3 Rah1 43. Kf3 R8h2 44. Be1 Qa1 45. Rxh2 Rxh2 46. Bf2 Qxb2
47. Qe2 Qc3+ 48. Kg4 e5+ 49. f5 e4 50. Ne6+ Kf6 51. Bxe4 dxe4 52. Qxe4 Rxf2 0-1

[Event "Bayern-chTT (RL Sued-West)"]
[Site "Bayern 2008/09"]
[Date "2008.10.26"]
[Round "2.1"]
[White "Wolfsteiner, Helmut"]
[Black "Kostic, Vladimir"]
[Result "0-1"]
[WhiteElo "2255"]
[BlackElo "2376"]
[PlyCount "82"]
[EventDate "2009.03.??"]
[EventType "team-tourn"]
[EventRounds "9"]
[WhiteTeam "Kriegshaber 1"]
[BlackTeam "München-SuedOst 1"]

1. Nf3 d5 2. d4 Nf6 3. c4 c6 4. Nc3 e6 5. Bg5 h6 6. Bxf6 Qxf6 7. Qb3 Nd7 8. e3
Qd8 9. Bd3 dxc4 10. Bxc4 Be7 11. O-O O-O 12. Rad1 Qc7 13. e4 e5 14. d5 a5 15.
Rc1 Nc5 16. Qc2 a4 17. h3 b5 18. Bxb5 cxb5 19. Nxb5 Qb8 20. d6 Bf6 21. Qxc5 Ra5
22. Nxe5 Rxb5 23. Nc6 Qb7 24. Qe3 Bd7 25. Na7 Ra5 26. Rc7 Qxb2 27. Rxd7 Bd4 28.
Qe1 Rxa7 29. Rxa7 Bxa7 30. Qa5 Qd4 31. Kh1 Bb6 32. Qb5 Qxd6 33. Qxa4 Bc7 34. g3
Qd3 35. Kg2 Bb6 36. Qb4 Bd4 37. Qb1 Qe2 38. a4 Re8 39. Qb7 Qxe4+ 40. Qxe4 Rxe4
41. Kf3 Re6 0-1

[Event "Bayern-chTT (RL Sued-West)"]
[Site "Bayern 2008/09"]
[Date "2008.10.26"]
[Round "2.2"]
[White "Hoefelsauer, Thomas"]
[Black "Bintakies, Michael"]
[Result "0-1"]
[WhiteElo "2065"]
[BlackElo "2151"]
[PlyCount "64"]
[EventDate "2009.03.??"]
[EventType "team-tourn"]
[EventRounds "9"]
[WhiteTeam "München-SuedOst 1"]
[BlackTeam "Kriegshaber 1"]

1. c4 f5 2. Nc3 Nf6 3. g3 d6 4. Bg2 e5 5. d3 Be7 6. e4 c6 7. Nge2 O-O 8. O-O
Na6 9. h3 Be6 10. b3 Nc5 11. Bb2 a5 12. d4 Nfxe4 13. Nxe4 Nxe4 14. dxe5 dxe5
15. Bxe5 Qb6 16. Qc2 Rad8 17. Bxe4 fxe4 18. Nf4 Bf5 19. g4 Bc8 20. Qxe4 Bf6 21.
Bxf6 Rxf6 22. Rad1 Rdf8 23. Nd3 h5 24. c5 Qc7 25. Kg2 Be6 26. Qe5 Bd5+ 27. Kg1
Qc8 28. Qg3 hxg4 29. hxg4 Rf3 30. Qh4 R8f6 31. Ne5 Rh6 32. Qe7 Rf7 0-1

[Event "Bayern-chTT (RL Sued-West)"]
[Site "Bayern 2008/09"]
[Date "2008.10.26"]
[Round "2.3"]
[White "Hahn, Christoph Dr(70)"]
[Black "Bucan, Djordje"]
[Result "1/2-1/2"]
[WhiteElo "2137"]
[BlackElo "2089"]
[PlyCount "99"]
[EventDate "2009.03.??"]
[EventType "team-tourn"]
[EventRounds "9"]
[WhiteTeam "Kriegshaber 1"]
[BlackTeam "München-SuedOst 1"]

1. d4 d5 2. Nf3 Nf6 3. e3 c6 4. Bd3 g6 5. O-O Bg7 6. c4 O-O 7. Nc3 Bg4 8. h3
Bf5 9. Bxf5 gxf5 10. Qb3 b6 11. Ne5 e6 12. Rd1 Nfd7 13. Nd3 Nf6 14. Bd2 Ne4 15.
Rac1 Nd6 16. cxd5 cxd5 17. Nb5 Nc4 18. Bb4 Re8 19. Qa4 a5 20. b3 Na6 21. Be1
Nd6 22. Nxd6 Qxd6 23. Rc6 Qd7 24. Rxb6 Qxa4 25. bxa4 Nb4 26. Bxb4 axb4 27. Rxb4
Bf8 28. Nc5 Rec8 29. Rb5 Bxc5 30. Rxc5 Rxc5 31. dxc5 Rxa4 32. Rc1 Rxa2 33. c6
Ra8 34. c7 Rc8 35. g4 fxg4 36. hxg4 f6 37. Kg2 Kf8 38. Kg3 Ke8 39. Kf4 Kd7 40.
Rh1 Rxc7 41. Rxh7+ Kd6 42. Rxc7 Kxc7 43. g5 fxg5+ 44. Kxg5 e5 45. f3 Kd7 46.
Kf5 Kd6 47. f4 exf4 48. Kxf4 Ke6 49. e4 dxe4 50. Kxe4 1/2-1/2

[Event "Bayern-chTT (RL Sued-West)"]
[Site "Bayern 2008/09"]
[Date "2008.10.26"]
[Round "2.4"]
[White "Bergauz, Avigdor"]
[Black "Stoer, Andreas"]
[Result "1/2-1/2"]
[WhiteElo "2037"]
[BlackElo "2122"]
[PlyCount "84"]
[EventDate "2009.03.??"]
[EventType "team-tourn"]
[EventRounds "9"]
[WhiteTeam "München-SuedOst 1"]
[BlackTeam "Kriegshaber 1"]

1. e4 e5 2. Nf3 Nc6 3. d4 exd4 4. Bc4 Nf6 5. e5 d5 6. Bb5 Ne4 7. Nxd4 Bd7 8.
Bxc6 bxc6 9. O-O Bc5 10. Be3 Qe7 11. Re1 O-O 12. c3 Bb6 13. f3 Nc5 14. Qd2 f6
15. Bf4 f5 16. Kh1 Ne6 17. Nxe6 Bxe6 18. Bg5 Qf7 19. f4 h6 20. Bh4 Qh5 21. Bf2
c5 22. b4 cxb4 23. cxb4 d4 24. Na3 Rad8 25. Nb5 Rd5 26. a4 Rfd8 27. Rac1 Qf7
28. Qd3 Qd7 29. Red1 c5 30. bxc5 Bxc5 31. Rc4 a6 32. Nd6 Bxd6 33. exd6 Rxd6 34.
Rxd4 Rxd4 35. Qxd4 Qxd4 36. Rxd4 Bd5 37. Kg1 Kf7 38. Be3 Ke6 39. Kf2 Rb8 40.
Bd2 Rb2 41. g3 Rb1 42. Be1 Rb2+ 1/2-1/2

[Event "Bayern-chTT (RL Sued-West)"]
[Site "Bayern 2008/09"]
[Date "2008.10.26"]
[Round "2.5"]
[White "Jermann, Frank Dr"]
[Black "Hittinger, Christian"]
[Result "1/2-1/2"]
[WhiteElo "2088"]
[BlackElo "2076"]
[PlyCount "32"]
[EventDate "2009.03.??"]
[EventType "team-tourn"]
[EventRounds "9"]
[WhiteTeam "Kriegshaber 1"]
[BlackTeam "München-SuedOst 1"]

1. d4 d5 2. Bf4 Nf6 3. e3 c5 4. c3 Nc6 5. Nd2 Bf5 6. Qb3 Qb6 7. dxc5 Qxb3 8.
axb3 e5 9. Bg3 Bxc5 10. b4 Bd6 11. b5 Ne7 12. Ngf3 Nd7 13. Be2 f6 14. O-O Kf7
15. Rfd1 Nc5 16. Ne1 Rhd8 1/2-1/2

[Event "Bayern-chTT (RL Sued-West)"]
[Site "Bayern 2008/09"]
[Date "2008.10.26"]
[Round "2.6"]
[White "Melzner, Lukas"]
[Black "Demel, Paul"]
[Result "1-0"]
[WhiteElo "1986"]
[BlackElo "2053"]
[PlyCount "57"]
[EventDate "2009.03.??"]
[EventType "team-tourn"]
[EventRounds "9"]
[WhiteTeam "München-SuedOst 1"]
[BlackTeam "Kriegshaber 1"]

1. c4 e5 2. g3 c6 3. Bg2 Nf6 4. d4 d6 5. dxe5 dxe5 6. Qxd8+ Kxd8 7. Nf3 Bd6 8.
O-O Be6 9. Rd1 Ke7 10. b3 Nfd7 11. Ng5 f5 12. e4 f4 13. Nxe6 Kxe6 14. Nc3 Nf6
15. Bh3+ Ke7 16. gxf4 exf4 17. e5 Bxe5 18. Re1 Nfd7 19. Bxf4 Kf6 20. Bxe5+ Nxe5
21. Re3 Ned7 22. Rd1 Nc5 23. b4 Nca6 24. Ne4+ Kf7 25. Nd6+ Kg6 26. Re6+ Kh5 27.
Rd4 Rf8 28. Re5+ g5 29. f4 1-0

[Event "Bayern-chTT (RL Sued-West)"]
[Site "Bayern 2008/09"]
[Date "2008.10.26"]
[Round "2.7"]
[White "Schechter, Dimitri"]
[Black "Ehmer, Fabian"]
[Result "0-1"]
[WhiteElo "2082"]
[BlackElo "1974"]
[PlyCount "69"]
[EventDate "2009.03.??"]
[EventType "team-tourn"]
[EventRounds "9"]
[WhiteTeam "Kriegshaber 1"]
[BlackTeam "München-SuedOst 1"]

1. e4 c5 2. Nf3 d6 3. d4 cxd4 4. Nxd4 Nf6 5. Nc3 a6 6. f3 e6 7. Be3 Be7 8. Qd2
Qc7 9. O-O-O O-O 10. g4 b5 11. Kb1 Bb7 12. Bd3 d5 13. e5 Nfd7 14. f4 Nc6 15.
Nxc6 Bxc6 16. Bd4 f6 17. Qe3 fxe5 18. fxe5 b4 19. Ne2 Bb5 20. h4 Bc5 21. Bxc5
Nxc5 22. Nd4 Bxd3 23. cxd3 Rab8 24. Rc1 Qb6 25. Rhe1 Rfc8 26. Nxe6 Qxe6 27.
Rxc5 Qxg4 28. Rxd5 Qxh4 29. Rd7 Re8 30. Rg1 Re7 31. Qa7 Rbe8 32. Rxg7+ Kxg7 33.
Qg1+ Kf7 34. Qf1+ Ke6 35. Ra7 0-1

[Event "Bayern-chTT (RL Sued-West)"]
[Site "Bayern 2008/09"]
[Date "2008.10.26"]
[Round "2.8"]
[White "Hoennekes, Klaus"]
[Black "Buchert, Wolfgang"]
[Result "1/2-1/2"]
[WhiteElo "2016"]
[BlackElo "2041"]
[PlyCount "90"]
[EventDate "2009.03.??"]
[EventType "team-tourn"]
[EventRounds "9"]
[WhiteTeam "München-SuedOst 1"]
[BlackTeam "Kriegshaber 1"]

1. e4 e5 2. f4 exf4 3. Nf3 d5 4. exd5 Nf6 5. c4 c6 6. d4 cxd5 7. Bxf4 Bg4 8.
Be2 dxc4 9. Nc3 Nd5 10. Nxd5 Qxd5 11. O-O Nc6 12. h3 Bxf3 13. Bxf3 Qxd4+ 14.
Qxd4 Nxd4 15. Bxb7 Rd8 16. Rae1+ Be7 17. Be5 f6 18. Bg3 Kf8 19. Ba6 Bb4 20. Re4
c3 21. bxc3 Bxc3 22. Rc1 Ba5 23. Bc7 Bxc7 24. Rxc7 Nf5 25. g4 Nd6 26. Ree7 g5
27. Re6 Ne8 28. Rxa7 h5 29. Be2 hxg4 30. hxg4 Rh3 31. Kg2 Rc3 32. Kf2 Rc5 33.
a4 f5 34. gxf5 Rxf5+ 35. Kg3 Rf7 36. Ra5 Rd6 37. Bc4 Rf4 38. Rxd6 Nxd6 39. Bd3
Ne4+ 40. Bxe4 Rxe4 41. Ra7 Ke8 42. a5 Kd8 43. a6 Kc8 44. Ra8+ Kc7 45. Rg8 Kb6
1/2-1/2

[Event "Bayern-chTT (RL Sued-West)"]
[Site "Bayern 2008/09"]
[Date "2008.11.30"]
[Round "3.1"]
[White "Schreiner, Richard"]
[Black "Wolfsteiner, Helmut"]
[Result "0-1"]
[WhiteElo "2096"]
[BlackElo "2255"]
[PlyCount "134"]
[EventDate "2009.03.??"]
[EventType "team-tourn"]
[EventRounds "9"]
[WhiteTeam "Garching 2"]
[BlackTeam "Kriegshaber 1"]

1. d4 Nf6 2. Nc3 d5 3. Bg5 e6 4. e4 dxe4 5. Nxe4 Be7 6. Nxf6+ Bxf6 7. Bxf6 Qxf6
8. Nf3 O-O 9. Bd3 c5 10. c3 cxd4 11. Nxd4 e5 12. Ne2 Nc6 13. Qc2 h6 14. O-O Be6
15. Rad1 Rac8 16. Qb1 Ne7 17. Be4 Bf5 18. Ng3 Bxe4 19. Qxe4 Nc6 20. Rd7 Rb8 21.
Qg4 Qg5 22. Qxg5 hxg5 23. Ne4 f6 24. Rfd1 Rbd8 25. Kf1 b6 26. Ke2 Nd4+ 27.
R1xd4 exd4 28. Rxd8 Rxd8 29. c4 d3+ 30. Ke3 Kf7 31. b3 Ke7 32. h3 f5 33. Nc3 d2
34. Ke2 Ke6 35. Nd5 b5 36. Kxd2 bxc4 37. bxc4 Ke5 38. Kc3 f4 39. f3 Rd7 40. Nb4
Rc7 41. Nd3+ Kd6 42. Nf2 Re7 43. Ne4+ Kc6 44. Kc2 Re8 45. Kc3 Re5 46. Kc2 Re7
47. Kc3 Re8 48. Kc2 g4 49. hxg4 Rh8 50. Kd3 Rh2 51. Kd4 Rxg2 52. Nc3 Rd2+ 53.
Ke4 Kc5 54. Kxf4 Kxc4 55. Ne4 Rxa2 56. Nd6+ Kd5 57. Nf5 Re2 58. Nxg7 a5 59. Nh5
a4 60. Kf5 Re5+ 61. Kf6 Rxh5 62. gxh5 a3 63. h6 a2 64. Kg7 a1=Q+ 65. Kg8 Qf6
66. h7 Qg6+ 67. Kh8 Qf7 0-1

[Event "Bayern-chTT (RL Sued-West)"]
[Site "Bayern 2008/09"]
[Date "2008.11.30"]
[Round "3.2"]
[White "Bintakies, Michael"]
[Black "Kraenzle, Harald"]
[Result "1-0"]
[WhiteElo "2151"]
[BlackElo "2143"]
[PlyCount "51"]
[EventDate "2009.03.??"]
[EventType "team-tourn"]
[EventRounds "9"]
[WhiteTeam "Kriegshaber 1"]
[BlackTeam "Garching 2"]

1. f4 d5 2. Nf3 Nf6 3. e3 Bg4 4. h3 Bxf3 5. Qxf3 Nbd7 6. g4 c6 7. g5 Ne4 8. d3
Nd6 9. e4 dxe4 10. dxe4 e5 11. f5 Be7 12. h4 h6 13. Nc3 hxg5 14. hxg5 Rxh1 15.
Qxh1 Bxg5 16. Qh8+ Nf8 17. Qxg7 Bh4+ 18. Ke2 Bf6 19. Qg1 Qa5 20. Kf3 O-O-O 21.
Be3 Qb4 22. Rb1 Nh7 23. Bd3 b6 24. a3 Qa5 25. b4 Qxa3 26. Rb3 1-0

[Event "Bayern-chTT (RL Sued-West)"]
[Site "Bayern 2008/09"]
[Date "2008.11.30"]
[Round "3.3"]
[White "Englert, Jan"]
[Black "Stoer, Andreas"]
[Result "0-1"]
[WhiteElo "2074"]
[BlackElo "2122"]
[PlyCount "96"]
[EventDate "2009.03.??"]
[EventType "team-tourn"]
[EventRounds "9"]
[WhiteTeam "Garching 2"]
[BlackTeam "Kriegshaber 1"]

1. e4 e5 2. Nf3 Nc6 3. d3 Nf6 4. Be2 d5 5. Nbd2 g6 6. O-O Bg7 7. c3 O-O 8. Qc2
h6 9. b4 a6 10. a3 Be6 11. Re1 Re8 12. Bb2 Nd7 13. Rad1 f5 14. exd5 Bxd5 15. c4
Bf7 16. Bf1 Qf6 17. Nb3 Qd6 18. g3 a5 19. b5 a4 20. Nc1 Nd4 21. Nxd4 exd4 22.
Bg2 Nc5 23. Kf1 f4 24. Rxe8+ Rxe8 25. Re1 Rf8 26. Ne2 g5 27. gxf4 Bg6 28. Rd1
gxf4 29. Ng1 Bf5 30. Nf3 Qg6 31. Ne1 Be5 32. f3 Rf7 33. Bc1 Rg7 34. Qe2 Bd6 35.
Bb2 Re7 36. Qd2 Qf6 37. Qf2 Re3 38. Qc2 Be5 39. Bc1 Kh7 40. Bxe3 fxe3 41. Kg1
Qh4 42. Bf1 Ne6 43. f4 Qg4+ 44. Bg2 Nxf4 45. Kh1 e2 46. Rd2 Qh4 47. Rxe2 Nxe2
48. Nf3 Qf2 0-1

[Event "Bayern-chTT (RL Sued-West)"]
[Site "Bayern 2008/09"]
[Date "2008.11.30"]
[Round "3.4"]
[White "Jermann, Frank Dr"]
[Black "Rusche, Johannes"]
[Result "0-1"]
[WhiteElo "2088"]
[BlackElo "2036"]
[PlyCount "79"]
[EventDate "2009.03.??"]
[EventType "team-tourn"]
[EventRounds "9"]
[WhiteTeam "Kriegshaber 1"]
[BlackTeam "Garching 2"]

1. d4 Nf6 2. Bf4 c5 3. e3 Qb6 4. Nc3 a6 5. a3 d6 6. Nf3 g6 7. Be2 Bg7 8. O-O
O-O 9. Rb1 Qc7 10. a4 Nbd7 11. h3 Rb8 12. Qd2 Re8 13. Rfd1 Nb6 14. d5 c4 15. e4
Nbd7 16. Nd4 Nf8 17. Be3 Bd7 18. b4 Red8 19. Bf3 Be8 20. Bh6 Bh8 21. g3 Rbc8
22. Bg2 N6d7 23. Be3 e6 24. dxe6 fxe6 25. f4 Bf7 26. Nf3 Bf6 27. Bd4 Bxd4+ 28.
Qxd4 e5 29. Qxd6 Re8 30. Qxc7 Rxc7 31. Ng5 h6 32. Nxf7 Kxf7 33. Nd5 Rc6 34. c3
Kg7 35. Rd2 a5 36. b5 Rd6 37. Rbd1 Nc5 38. Ne3 Rxd2 39. Rxd2 Nxa4 40. Nxc4 0-1

[Event "Bayern-chTT (RL Sued-West)"]
[Site "Bayern 2008/09"]
[Date "2008.11.30"]
[Round "3.5"]
[White "Mueller, Marcus(63)"]
[Black "Stelter, Felix"]
[Result "0-1"]
[WhiteElo "2081"]
[BlackElo "2132"]
[PlyCount "66"]
[EventDate "2009.03.??"]
[EventType "team-tourn"]
[EventRounds "9"]
[WhiteTeam "Garching 2"]
[BlackTeam "Kriegshaber 1"]

1. d4 d5 2. Nf3 Nf6 3. c4 e6 4. g3 Be7 5. Bg2 O-O 6. O-O Ne4 7. Qc2 f5 8. Nbd2
Nc6 9. a3 a5 10. b3 Qe8 11. Bb2 Qh5 12. e3 Rf6 13. Rfe1 Rh6 14. Nf1 b6 15. cxd5
exd5 16. Ne5 Nxe5 17. dxe5 c6 18. Qd1 Qf7 19. f3 Ng5 20. Rc1 Bb7 21. h4 Ne6 22.
f4 Qg6 23. Kf2 Bc5 24. Nh2 Be7 25. Nf3 Nc5 26. Nd4 Ne4+ 27. Bxe4 fxe4 28. Rh1
c5 29. Nb5 d4 30. Nxd4 cxd4 31. Bxd4 Rc8 32. Rxc8+ Bxc8 33. Qc1 Qg4 0-1

[Event "Bayern-chTT (RL Sued-West)"]
[Site "Bayern 2008/09"]
[Date "2008.11.30"]
[Round "3.6"]
[White "Demel, Paul"]
[Black "Lutz, Gerhard(65)"]
[Result "1-0"]
[WhiteElo "2053"]
[BlackElo "2084"]
[PlyCount "95"]
[EventDate "2009.03.??"]
[EventType "team-tourn"]
[EventRounds "9"]
[WhiteTeam "Kriegshaber 1"]
[BlackTeam "Garching 2"]

1. Nf3 d6 2. d4 Bg4 3. c4 Nd7 4. e4 e5 5. d5 Be7 6. Be2 Ngf6 7. Nc3 Nc5 8. Qc2
a5 9. O-O O-O 10. Be3 Nfd7 11. b3 Bxf3 12. Bxf3 Bg5 13. a3 Bxe3 14. fxe3 Qg5
15. Rae1 Qe7 16. b4 axb4 17. axb4 Na6 18. Rb1 Qg5 19. Rfe1 Rfb8 20. Na4 b6 21.
Nc3 Nf8 22. Qe2 g6 23. Rb3 h5 24. Ra1 Qd8 25. Qb2 Qc8 26. Rba3 c5 27. dxc6 Nc7
28. Nd5 Nxd5 29. exd5 Rxa3 30. Qxa3 Qf5 31. Qa7 Re8 32. e4 Qf4 33. Qxb6 g5 34.
Bxh5 Qxe4 35. Rf1 Ng6 36. Qa7 Rf8 37. c7 Nf4 38. Bf3 Qxc4 39. Qb6 Qc2 40. Qxd6
g4 41. Be4 Ne2+ 42. Kh1 Qxe4 43. Qxf8+ Kxf8 44. c8=Q+ Kg7 45. Qf5 Qxf5 46. Rxf5
f6 47. b5 Nd4 48. b6 1-0

[Event "Bayern-chTT (RL Sued-West)"]
[Site "Bayern 2008/09"]
[Date "2008.11.30"]
[Round "3.7"]
[White "Weinberger, Wolfgang"]
[Black "Schechter, Dimitri"]
[Result "1/2-1/2"]
[WhiteElo "2039"]
[BlackElo "2082"]
[PlyCount "86"]
[EventDate "2009.03.??"]
[EventType "team-tourn"]
[EventRounds "9"]
[WhiteTeam "Garching 2"]
[BlackTeam "Kriegshaber 1"]

1. d4 d5 2. c4 e6 3. cxd5 exd5 4. Nc3 c6 5. Qc2 Be7 6. e3 Nf6 7. Bd3 Nbd7 8.
Nge2 O-O 9. f3 c5 10. O-O Re8 11. Kh1 b6 12. Ng3 Nf8 13. Qf2 Ne6 14. Nf5 Bf8
15. Nb5 g6 16. Ng3 a6 17. Nc3 Bg7 18. dxc5 bxc5 19. Bd2 Rb8 20. Rab1 d4 21.
exd4 cxd4 22. Nce4 Nd5 23. Rfc1 h5 24. b4 Nef4 25. Bc4 h4 26. Ne2 Nxe2 27. Qxe2
Bf5 28. Bxa6 h3 29. Bd3 hxg2+ 30. Qxg2 Nc3 31. Rb2 Qe7 32. Nc5 Bxd3 33. Nxd3
Qe2 34. Qxe2 Nxe2 35. Re1 Nc3 36. Rxe8+ Rxe8 37. Kg2 Nd5 38. Kf2 Nc3 39. b5
Nd1+ 40. Kf1 Nxb2 41. Nxb2 Rb8 42. a4 Kf8 43. Ke2 Ke7 1/2-1/2

[Event "Bayern-chTT (RL Sued-West)"]
[Site "Bayern 2008/09"]
[Date "2008.11.30"]
[Round "3.8"]
[White "Buchert, Wolfgang"]
[Black "Dehlinger, Alexander"]
[Result "0-1"]
[WhiteElo "2041"]
[BlackElo "2002"]
[PlyCount "76"]
[EventDate "2009.03.??"]
[EventType "team-tourn"]
[EventRounds "9"]
[WhiteTeam "Kriegshaber 1"]
[BlackTeam "Garching 2"]

1. e4 e5 2. Nf3 Nc6 3. Bc4 Nf6 4. Ng5 d5 5. exd5 Na5 6. d3 h6 7. Nf3 e4 8. Qe2
Nxc4 9. dxc4 Bc5 10. Nc3 O-O 11. Nd2 Bg4 12. f3 exf3 13. gxf3 Re8 14. Nde4 Nxe4
15. Nxe4 Bxf3 16. Qxf3 Qh4+ 17. Kd1 Rxe4 18. Rf1 Rd4+ 19. Bd2 Qxh2 20. Qxf7+
Kh8 21. Qf2 Qh3 22. Qe2 Re4 23. Qd3 Qg4+ 24. Kc1 Rae8 25. b4 Be3 26. Bxe3 Rxe3
27. Qd2 Qxc4 28. Kb2 a5 29. Rf7 axb4 30. Rg1 Ra3 31. Ra1 Rea8 32. Kc1 Rxa2 33.
Rb1 b3 34. Rb2 Ra1+ 35. Rb1 Rxb1+ 36. Kxb1 bxc2+ 37. Kb2 Ra2+ 38. Kc1 Ra1+ 0-1

[Event "Bayern-chTT (RL Sued-West)"]
[Site "Bayern 2008/09"]
[Date "2008.11.30"]
[Round "3.1"]
[White "Kostic, Vladimir"]
[Black "Hennig, Dirk"]
[Result "0-1"]
[WhiteElo "2376"]
[BlackElo "2359"]
[PlyCount "42"]
[EventDate "2009.03.??"]
[EventType "team-tourn"]
[EventRounds "9"]
[WhiteTeam "München-SuedOst 1"]
[BlackTeam "München-Tarrasch 2"]

1. Nf3 g6 2. e4 Bg7 3. Bc4 c6 4. Nc3 b5 5. Bb3 a5 6. a4 b4 7. Ne2 d5 8. exd5
cxd5 9. Nf4 Nf6 10. O-O O-O 11. d4 Bg4 12. h3 Bxf3 13. Qxf3 e6 14. c4 Nc6 15.
Rd1 dxc4 16. Bxc4 Nxd4 17. Qe3 e5 18. Qd3 Qc7 19. Nd5 Nxd5 20. Bxd5 Rad8 21.
Ba2 Nc2 0-1

[Event "Bayern-chTT (RL Sued-West)"]
[Site "Bayern 2008/09"]
[Date "2008.11.30"]
[Round "3.2"]
[White "Juptner, Jan"]
[Black "Bucan, Djordje"]
[Result "1/2-1/2"]
[WhiteElo "2230"]
[BlackElo "2089"]
[PlyCount "88"]
[EventDate "2009.03.??"]
[EventType "team-tourn"]
[EventRounds "9"]
[WhiteTeam "München-Tarrasch 2"]
[BlackTeam "München-SuedOst 1"]

1. d4 d5 2. c4 c6 3. Nf3 Nf6 4. Nc3 a6 5. c5 b6 6. cxb6 Qxb6 7. e3 e6 8. Be2
Nbd7 9. O-O Bd6 10. Na4 Qa7 11. b3 O-O 12. Bb2 Qb8 13. Rc1 Bb7 14. Nc5 Bxc5 15.
dxc5 e5 16. Nh4 a5 17. Nf5 Qc7 18. f4 e4 19. Qd4 Kh8 20. Nxg7 Kxg7 21. Bg4 Rg8
22. Bxd7 Qxd7 23. Qxf6+ Kf8 24. f5 Qd8 25. Qh6+ Ke8 26. Bf6 Qb8 27. Qxh7 Rf8
28. Qg7 Kd7 29. Be5 Qe8 30. Qf6 Qe7 31. Qxe7+ Kxe7 32. Bd6+ Kf6 33. Bxf8 Rxf8
34. g4 Rg8 35. h3 Ba6 36. Rfd1 Ke5 37. Rd4 Bb5 38. Kf2 f6 39. Kg3 Rg7 40. Rc2
a4 41. bxa4 Bf1 42. Rb2 Bxh3 43. Kxh3 Rh7+ 44. Kg3 Rh3+ 1/2-1/2

[Event "Bayern-chTT (RL Sued-West)"]
[Site "Bayern 2008/09"]
[Date "2008.11.30"]
[Round "3.3"]
[White "Ehmer, Fabian"]
[Black "Wood, Christopher"]
[Result "1/2-1/2"]
[WhiteElo "1974"]
[BlackElo "2202"]
[PlyCount "68"]
[EventDate "2009.03.??"]
[EventType "team-tourn"]
[EventRounds "9"]
[WhiteTeam "München-SuedOst 1"]
[BlackTeam "München-Tarrasch 2"]

1. c4 c6 2. Nc3 d5 3. e3 Nf6 4. Nf3 e6 5. d4 Nbd7 6. Bd3 dxc4 7. Bxc4 b5 8. Bd3
a6 9. Ne5 Nxe5 10. dxe5 Nd7 11. f4 Nc5 12. Bc2 Qxd1+ 13. Nxd1 Bb7 14. O-O Nd7
15. Nf2 c5 16. b3 c4 17. bxc4 Rc8 18. Bb3 bxc4 19. Ba4 Bc6 20. Bxc6 Rxc6 21.
Rb1 Rc8 22. Rb7 f5 23. exf6 gxf6 24. Ne4 Be7 25. Bb2 Rf8 26. Kf2 Rf7 27. Rd1
Nc5 28. Nxc5 Bxc5 29. Rxf7 Kxf7 30. Rd7+ Kg6 31. g4 c3 32. Bxc3 Bxe3+ 33. Kxe3
Rxc3+ 34. Rd3 Rc6 1/2-1/2